LEADER 00916nam0-2200289 --450 001 9910507500103321 005 20211125182341.0 100 $a20211125d1955----kmuy0itay5050 ba 101 $agrc$ager 102 $aDE 105 $a 001yy 200 1 $a<<4: Die >>Chronik$fhergestellt von Adolf Bauer 205 $a2. Auf.$fdurchgesehn, herausgegeben und bearbeitet ... von Rudolf Helm 210 $aBerlin$cAkademie$d1955 215 $aXXXI, 218 p.$d24 cm 225 1 $aˆDie ‰griechischen christlichen Schriftsteller der ersten Jahrhunderte$v46 700 0$aHippolytus : Romanus$0330508 702 1$aHelm,$bRudolf 702 1$aBauer,$bAdolf 801 0$aIT$bUNINA$gREICAT$2UNIMARC 901 $aBK 912 $a9910507500103321 952 $a880.108 CH GCS 46$b28.183$fFLFBC 959 $aFLFBC 996 $aChronik$92439252 997 $aUNINA 999 $1cnm 00$2CNM 00$3CFIV069055$9CNMN\0000308287